| 000 | 01195nam a22003617a 4500 | ||
|---|---|---|---|
| 001 | 0062946 | ||
| 003 | KOHA_MİRAKIL | ||
| 005 | 20260207004426.0 | ||
| 007 | |||
| 008 | 181106b2012 tu a|||grd|||#0|||0|tur | | ||
| 020 |
_a9789750405648 _cxxxxx |
||
| 040 |
_aTR-BiSEU _btur _cTR-BiSEU _erda |
||
| 041 | 0 | _atur | |
| 044 | _ctu | ||
| 050 |
_aTR9 _b.P73 2012 |
||
| 100 | 1 | _aPrakel, David. | |
| 240 | 1 | 0 | _lTürkçe |
| 245 | 1 |
_aGörsel fotoğrafçılık sözlüğü/ _cDavid Prakel ; David Prakel ; çeviren Tolga Hepdinçler, Saadet Özkal. |
|
| 264 | 1 |
_aİstanbul : _bLiteratür Yayınları _c2012 |
|
| 300 |
_a287 sayfa : _bresimli ; _c17 cm. |
||
| 336 |
_ametin _btxt _2rdacontent |
||
| 337 |
_aaracısız _bn _2rdamedia |
||
| 338 |
_acilt _bnc _2rdacarrier |
||
| 490 | 1 |
_aLiteratür yayınları ; _v641. |
|
| 490 | 1 |
_a Görsel sözlükler dizisi ; _v06 |
|
| 500 | _aÖzgün adı: The visual dictionary of photography. | ||
| 650 | 0 |
_aFotoğrafçılık--Sözlükler. _912963 |
|
| 650 | 0 |
_aPhotography--Dictionaries. _9116770 |
|
| 830 | 1 |
_aLiteratür yayınları ; _v641. _92210 |
|
| 830 | 1 |
_a Görsel sözlükler dizisi ; _v06 _9116771 |
|
| 907 | _aSözlük | ||
| 942 |
_2lcc _cBK |
||
| 999 |
_c62742 _d62742 |
||